Uplatnenie štatistických metód v riadení kvality v Slovakofarme, a. s. Hlohovec : Diplomová práca

Saved in:
Bibliographic Details
Main Author: Anetta, Martin (Author)
Other Authors: Kučerová, Marta, 1957- (xxx)
Format: Manuscript Book
Language:Slovak
Published: Trnava : STU v Bratislave MtF KMK, 2002
Subjects:
Tags: Add Tag
No Tags, Be the first to tag this record!

MARC

LEADER 00000ntm a22000003a 4500
001 stu76952
005 20160719155033.1
008 020819s2002----xo------------------slo-d
040 |a STU  |b slo 
041 0 |a slo 
044 |a xo 
100 1 |a Anetta, Martin  |4 aut 
245 1 |a Uplatnenie štatistických metód v riadení kvality v Slovakofarme, a. s. Hlohovec :  |b Diplomová práca 
260 |a Trnava :  |b STU v Bratislave MtF KMK,  |c 2002 
300 |a 76 s  |c abstr. + príl. 
650 7 |a štatistické metódy  |2 stusub 
650 7 |a riadenie kvality  |2 stusub 
650 7 |a kvalita produkcie  |2 stusub 
700 1 |a Kučerová, Marta,  |d 1957-  |4 xxx  |u M4000  |U MTF Materiálovotechnologická fakulta  |T MTF Ústav priemyselného inžinierstva a manažmentu  |X 1489  |U M4000  |Y 84  |7 A000001489